Statistics for Maserati Models By Picture

Click here to take the quiz!

General Stats

  • This quiz has been taken 25 times
  • The average score is 7 of 12

Answer Stats

Answer% Correct
Maserati MC12
91%
Maserati MC20
91%
Maserati Ghibli
73%
Maserati Gran Turismo
73%
Maserati Levante
64%
Maserati Quattroporte
64%
Maserati Grecale
55%
Maserati Alfieri
45%
Maserati Mistral
36%
Maserati GranCabrio
27%
Maserati GT Folgore
27%
Maserati Spyder
27%

Score Distribution

Percentile by Number Answered

Percent of People with Each Score

Your Score History

You have not taken this quiz